Ferrari Models - Statistics

General Stats
  • This quiz has been taken 560 times
  • The average score is 14 of 20
Answer Stats
Picture Answer % Correct
F40
94%
LaFerrari
94%
Enzo
92%
F50
91%
458 Italia
83%
488 GTB
83%
SF90 Stradale
82%
812 Superfast
78%
Roma
77%
Purosangue
71%
F8 Tributo
67%
California
66%
250 GTO
64%
Monza Sp2
64%
599 GTO
62%
FXX K
61%
FF
59%
360 Modena
54%
Portofino
54%
GTC4Lusso
44%
No matching quizzes found
Score Distribution
Percent of People with Each Score
Percentile by Number Answered
Your Score History
You have not taken this quiz